[Event "New York CITS"]
[Site "New York"]
[Date "1996.??.??"]
[Round "3"]
[White "Salov, Valery"]
[Black "Adams, Michael"]
[Result "1/2-1/2"]
[WhiteElo "2670"]
[BlackElo "2660"]
[Annotator "Salov,V"]
[PlyCount "111"]
[EventDate "1996.03.??"]
[EventType "tourn"]
[EventRounds "11"]
[EventCountry "USA"]
[EventCategory "13"]
[SourceTitle "CBM 052"]
[Source "ChessBase"]
[SourceDate "1996.06.01"]
[SourceVersion "1"]
[SourceVersionDate "1996.06.01"]
[SourceQuality "1"]

1. d4 {Ribli} Nf6 2. Nf3 d6 3. c4 Bg4 4. Nc3 Bxf3 {Otherwise white simply
plays e2-e4, obtaining good version of kings indian} 5. exf3 (5. gxf3 $5 {Ribli
} g6 6. Qb3 Qc8 7. Bh3 Nfd7 8. e4 Bg7 9. Be3 O-O 10. f4 $14 {Kamsky,G-Adams,M/
Las Palmas/1994/CBM42/}) 5... g6 6. Be2 {Ribli: Salov meint, dass der
weissfeldrige Laeufer auf e2 besser steht als g2.} (6. Be3 {Ribli} Bg7 7. Qb3
Qc8 8. g3 O-O 9. h4 c5 10. Bh3 Qc7 11. d5 Nbd7 12. f4 a6 13. O-O b5 14. cxb5
axb5 15. Nxb5 Qa5 16. Nc3 Rfb8 17. Qc2 Nb6 $44 {Pushkov,N-Berelovich,A/Azov/
1995/CBM46/}) 6... Bg7 7. Qb3 Qc8 8. Be3 O-O 9. O-O Nbd7 10. Rfd1 {Ribli: Wo
stehen die Tuerme besser? Die Antwort auf diese Frage ist meist nicht einfach,
z.B. Man kann jetzt Rfe1 und Rad1 oder wie in der Partie Rfd1 und Rac1 spielen.
} c6 11. d5 $14 Qc7 12. Rac1 Rfe8 13. f4 {Ribli: Weiss verbessert seine
Stellung thematisch durch Raumgewinn.} a6 14. Bf3 Rac8 15. g3 Qb8 16. Kg2 Rc7
17. Rd2 $6 {underestimating black's 20th move; white had two better
possibilities. Ribli: Die weisse Dame braucht den d1-Feld.} (17. g4 $5 cxd5 18.
cxd5 Rec8 19. g5 Nh5 20. Bxh5 gxh5 21. Ne4 $14) (17. a4 $1 a5 18. Rd2 $14 {
preventing first black's expansion on the queenside}) 17... cxd5 18. cxd5 b5
19. Qd1 Nb6 20. b3 Ng4 $1 {it's very important for black to swap as many
pieces as possible - he lacks space} (20... Rec8 21. Ne2 (21. Rdc2 b4 22. Bxb6
Rxc3 {>< c6} (22... Qxb6 $2 {Ribli} 23. Na4 $16 {>< c6}) 23. Bd4 Rxc2 24. Rxc2
Rxc2 25. Qxc2 Nd7 26. Be3 $14) 21... Rxc1 22. Nxc1 Qb7 23. Ne2 $16) 21. Bxg4
Rxc3 22. Rxc3 Bxc3 23. Rd3 $2 {this natural move turns out to be serious
mistake - the rook is misplaced on d3} (23. Re2 $1 Qb7 24. Bf3 $14) 23... b4
24. f5 {Ribli: Die weisse Dame braucht das Feld d1. Weiss versucht dem
Nachziehenden neue Probleme zu stellen.} Qb7 {/\ Nd7} 25. Bxb6 (25. Qf3 Nd7 26.
fxg6 hxg6 27. Bxd7 Qxd7 28. Bd4 Bxd4 29. Rxd4 a5 30. h4 Rc8 $132) (25. h4 Nd7
$1 (25... Nxd5 $4 26. Rxd5 e6 27. fxe6 fxe6 28. Bf3 $18) 26. fxg6 hxg6 27. h5
f5 $1 28. Bf3 Ne5 29. hxg6 Nxd3 30. Qxd3 Rf8 $15) 25... Qxb6 26. h4 {Ribli:
Weiss hofft auf die ungleichfarbigen Laeufer, weil sie die Angriffchanccn
vergroessern.} Kg7 27. Qe2 Bf6 28. fxg6 hxg6 29. h5 Qc5 30. hxg6 fxg6 31. Rd1 (
31. Bd7 $5 Rh8 32. Qg4 Qc1 33. Rd1 Qc2 $1) 31... a5 32. Bf3 Rh8 33. Be4 {
/\ Qg4 >< g6} Qc8 $1 34. Rh1 Rxh1 35. Kxh1 Qh3+ 36. Kg1 Qh5 37. Qc2 Bc3 38. a4
Qg5 39. Qe2 Bd4 {/\ Qxg3} 40. Kg2 Qf6 41. f4 {/\ Bd3,Qe4,g4,g5 ->} (41. Bd3 {
Ribli} Qe5 $10) 41... e5 $1 $10 {Ribli: Natuerlich will Schwarz nicht nur
passiv zuschauen.} 42. dxe6 Qxe6 43. Qf3 Bc5 44. Qd3 Kh6 45. Kf3 Qf7 46. Kg2
Qe6 47. Qf3 Kg7 48. Kh2 Kh6 49. g4 Kg7 50. g5 d5 {Ribli: Weiss opfert einen
Bauern, und er will das Damentausch erreichen.} 51. Bxd5 Qe3 52. Kg2 Qg1+ 53.
Kh3 Qe3 54. Qxe3 Bxe3 55. Kg3 Bd2 56. Kf3 1/2-1/2

[Event "Altensteig"]
[Site "Altensteig"]
[Date "1994.??.??"]
[Round "11"]
[White "Speelman, Jonathan S"]
[Black "Bezold, Michael"]
[Result "1-0"]
[WhiteElo "2600"]
[BlackElo "2475"]
[Annotator "Speelman,J"]
[PlyCount "81"]
[EventDate "1994.08.??"]
[EventType "tourn"]
[EventRounds "11"]
[EventCountry "GER"]
[EventCategory "12"]
[SourceTitle "CBM 043"]
[Source "ChessBase"]
[SourceDate "1994.12.01"]
[SourceVersion "1"]
[SourceVersionDate "1994.12.01"]
[SourceQuality "1"]

1. d4 {Ribli Hecht} d6 2. Nf3 Bg4 3. c4 Nd7 4. Nc3 e5 5. g3 Bxf3 6. exf3 Ngf6
7. Bg2 c6 (7... g6 {Ribli} 8. O-O Bg7 9. Be3 O-O 10. Qd2 $14) 8. O-O Be7 9. d5
(9. f4 $5 exd4 10. Qxd4 $14) (9. Be3 $5 {Ribli}) 9... c5 (9... O-O $5 {Ribli}
10. dxc6 bxc6 11. f4 Qc7 12. b3 $14) 10. f4 O-O 11. Qc2 $6 (11. Re1 $142 Ne8
12. fxe5 dxe5 $5 13. f4 exf4 14. Bxf4 Nd6 15. Qd3) 11... exf4 12. Bxf4 Nh5 13.
Bd2 g6 (13... f5 14. Bf3 (14. Rae1 $14) 14... Qe8 15. Rae1 Ne5 16. Bxh5 Qxh5
17. f4 Ng4) 14. Rae1 Ng7 15. b3 (15. Bh3 {Ribli} Ne5 16. Qe4 f5 17. Qe2 Bf6 18.
f4 Nf7 19. Qd3 Qd7 20. Nd1 Rae8 21. Bc3 Bxc3 22. Nxc3 Rxe1 23. Rxe1 Re8 $10)
15... Nf5 16. Bh3 (16. Ne2 Bg5 (16... Bf6 $1 {Bezold}) 17. Bxg5 Qxg5 18. Bh3
Rfe8 19. Bxf5 Qxf5 20. Qxf5 gxf5) 16... Nd4 17. Qd1 Re8 (17... Ne5 18. f4 $5 (
18. Re3) 18... Nd3 19. Re3 Nb4 $13) 18. Be3 Bf6 19. Bxd4 Rxe1 $1 (19... Bxd4
20. Rxe8+ Qxe8 21. Nb5) 20. Rxe1 Bxd4 (20... cxd4 21. Nb5 (21. Ne4 $16 {Ribli})
21... Nc5 22. Nxd4 $16) 21. Nb5 Be5 22. f4 a6 (22... Bg7 23. Nxd6 f5 24. Qe2
Nf8 25. Qe7) 23. fxe5 axb5 24. Bxd7 $1 (24. e6 $2 Ne5 25. Rxe5 dxe5 26. d6 fxe6
27. Bxe6+ Kg7) 24... Qxd7 25. e6 Qe7 26. cxb5 (26. b4 Rxa2 27. bxc5 Qf6 28. Rf1
(28. Re2 Ra1) 28... Qb2 $1 $19) 26... Rxa2 27. Qf3 Ra8 (27... b6 28. Rf1 Ra7
29. Qe4 (29. Qf4) 29... f5) 28. b6 $1 fxe6 (28... Re8 {Ribli} 29. Qe4 $14) (
28... Rf8 $5 {Ribli Hecht}) 29. dxe6 Rf8 30. Qe4 Rf6 31. Qa4 Rf8 (31... Rxe6 $5
32. Rxe6 (32. Qc4 Kf7 33. g4 (33. Qd5 {Ribli} Kf6 34. Qf3+ Kg7 35. Rxe6 Qxe6
36. Qxb7+ $16) 33... h6) 32... Qxe6 33. Qa8+ Kf7 $1 (33... Kg7 34. Qxb7+ Kh6
35. Qf3 $18) 34. Qxb7+ Ke8 $1) 32. Kh1 (32. Qd7 $4 Qf6) 32... Qf6 33. Qe4 Qe7
34. Kg2 Ra8 35. Re2 Rf8 36. h4 Kg7 $138 37. b4 cxb4 (37... Rf5 {Ribli Hecht}
38. bxc5 Re5 39. Qd4 (39. cxd6 Rxe4 40. Rxe4 Qxd6 41. e7 Qd2+ $10 42. Kh3 $2
Qd7+ 43. Kg2 Kf7 44. e8=Q+ Qxe8 45. Rxe8 Kxe8 46. Kf3 Kd7 47. Kf4 Kc6 48. Kg5
Kxb6 49. Kh6 Kc5 50. Kxh7 b5 51. g4 (51. Kxg6 b4 52. h5 b3 53. h6 b2 54. h7
b1=Q+ 55. Kg7 Qb7+ 56. Kg8 Qc8+ 57. Kg7 Qd7+ 58. Kg8 Qg4+ 59. Kf7 Qh5+ 60. Kg7
Qg5+ 61. Kf7 Qh6 62. Kg8 Qg6+ 63. Kh8 Qf7 64. g4 Qf8#) 51... b4 52. h5 b3 53.
h6 (53. hxg6 b2 54. g7 b1=Q+ 55. Kh6 Qb8 56. Kh7 Qc7 57. Kh6 Qd8 58. Kh7 Qh4+
$19) 53... b2 54. Kg7 b1=Q 55. h7 Qb7+ 56. Kg8 Qc8+ 57. Kg7 Qxg4 58. h8=Q Qd4+
$19) 39... Qxe6 40. cxd6 (40. Rxe5 dxe5 41. Qe4 Qa2+ $10) 40... Qd5+ 41. Qxd5
Rxd5 42. Re7+ Kh6 43. d7 g5 44. Kf3 gxh4 45. gxh4 Kg6 46. Ke4 $18) (37... Rf6
$5 {Ribli Hecht}) 38. Rc2 $1 Qf6 {time trouble} (38... Kg8 39. Qd5 $1 Kh8 (
39... Rf5 40. Rc8+ Kg7 41. Qd4+ (41. Qxb7 $4 Qxb7+ {CHECK!}) 41... Qf6 42. Rc7+
Kg8 43. Qxf6 Rxf6 44. Rxb7 {is the same position as the line B below}) 40. Qd4+
Kg8 (40... Qf6 $2 41. e7) 41. Rc7 Qf6 42. Qxf6 Rxf6 43. Rxb7 Rf8 (43... Rxe6
44. Rc7) (43... b3 44. Rb8+ Kg7 45. b7 b2 46. Rg8+) 44. Rc7 $2 (44. Rf7 Rb8 $1
(44... Re8 45. b7 b3 46. Rf3 Rb8 (46... Kg7 47. e7 $1 b2 48. Rb3 Rb8 49. e8=Q
Rxe8 50. b8=Q Rxb8 51. Rxb8) 47. e7 $5 (47. Rxb3 Kf8 48. Kf3 Ke7 49. Ke4 Kxe6
50. Kd4 Kd7 51. Kd5 Kc7 52. g4 Kd7 53. Rb1 Kc7 54. Ke6 Kc6 55. Rc1+ $18) 47...
b2 48. Rf8+ Kg7 49. e8=Q (49. Rxb8 b1=Q 50. Rg8+ Kh6 51. e8=Q $18) 49... Rxe8
50. b8=Q Rxf8 51. Qxb2+ $18) 45. Rd7 (45. Rf3 $2 Rxb6 46. e7 Rb8) (45. Rf4 $1
Rxb6 46. e7 Rb8 47. Rxb4 Re8 48. Rd4 $10) 45... b3 (45... Rxb6 $2 46. Rd8+ Kg7
47. e7) (45... Kf8 $2 46. b7 b3 47. e7+ Ke8 48. Rd8+ $18) 46. e7 Kf7 $1 (46...
b2 47. Rd8+ Kg7 48. e8=Q $18) 47. Rd8 Kxe7 $1 48. Rxb8 b2 $19) (44. e7 $1 Re8 (
44... b3 45. exf8=Q+ Kxf8 46. Rxh7 b2 47. b7 b1=Q 48. b8=Q+) 45. Rd7 Kf7 46. b7
b3 47. Rd8 b2 48. b8=Q $18) 44... b3 45. Rc3 (45. e7 $6 Re8 (45... Rb8 46. b7
b2 47. Rc8+) 46. b7 b2 47. Rc8 b1=Q 48. Rxe8+ Kg7 49. Rg8+ Kh6 50. e8=Q Qc2+ (
50... Qxb7+ $2 51. Kh2 Qb2+ 52. Kh3) 51. Kf3 {I'm not sure if this is winning
I suspect not eg} Qf5+ 52. Ke2 Qc2+ 53. Ke3 Qc5+ $1 (53... Qc3+ 54. Kf2 $18 {
Black must be able to answer Kf2 with ...Qf5+}) 54. Kd3 Qd5+ 55. Kc3 Qc5+ 56.
Kb3 Qb6+ 57. Ka4 Qa7+ 58. Kb4 Qc5+ 59. Ka4 Qa7+ 60. Kb5 Qc5+ 61. Ka6 Qa3+ 62.
Kb5 Qc5+ 63. Ka4 Qa7+) 45... Rb8 46. Rxb3 Kf8 47. Kf3 Ke7 48. Ke4 Kxe6 49. Kd4
d5 50. Kc5 Rc8+ 51. Kb5 Rb8 $1 (51... d4 52. b7 Rd8 53. Kc6 d3 54. b8=Q Rxb8
55. Rxb8 Ke5 56. Rd8 Ke4 57. Kc5 Ke3 58. Kc4 d2 59. Kc3 Kf3 60. Kxd2 Kxg3 61.
Rd4 $18) 52. Ka6 $1 (52. Kc6 Rc8+ 53. Kb7 Rc1 54. Ka6 Ra1+ 55. Kb5 Kd6 56. b7
Kc7 57. Kc5 Ra5+ 58. Kd4 Kb8 59. Ke5) 52... Ra8+ (52... d4 53. Ka7 Rd8 54. b7
Kd5 55. b8=Q Rxb8 56. Kxb8 Ke4 57. Kc7 d3 58. Kd6 d2 59. Rb1 Kf3 60. Ke5 Kxg3
61. Rd1 Kxh4 62. Kf4 g5+ 63. Kf3 $18) 53. Kb7 Ra1 54. Kc7 Rc1+ 55. Kd8 $18) 39.
Qxb7+ Kh6 40. e7 Rf7 41. e8=Q (41. e8=Q $1 Qf1+ (41... Rxb7 42. Qe3+ (42. Rc7 {
Ribli} Rxc7 (42... Rxb6 43. Qe3+ $18) 43. bxc7 Qb2+ 44. Kh3 Qf2 45. c8=Q Qf1+
46. Kg4 Qd1+ 47. Kf4 Qf1+ 48. Ke4 Qe2+ 49. Kd5 Qd3+ 50. Kc6 Qc4+ 51. Kb6 Qd4+
52. Kb7 $18) 42... Kg7 (42... g5 43. Rc7 b3 44. Rxb7 b2 45. Rf7) 43. Rc7+ Rxc7
44. bxc7 Qf8 45. Qd4+ Kg8 46. Qc4+ $18) 42. Kh2 Rxb7 43. Qe3+ Kg7 44. Rc7+ Rxc7
45. bxc7 Qf5 (45... Qc4 46. Qe7+ Kh6 47. Qf8+ Kh5 48. Qf3+ Kh6 49. Qf4+) 46.
Qd4+ (46. Qe7+ Kg8 47. Qd8+ Kg7 48. c8=Q Qf2+ 49. Kh3 Qf1+ 50. Kg4 Qd1+ $1 {
Adams} (50... h5+ 51. Kg5 Qb5+ 52. Kf4 Qe5+ 53. Kf3 Qd5+ 54. Ke3 Qe5+ 55. Kd2
Qd4+ (55... Qd5+ 56. Kc1 $1) 56. Kc2 $1 $18) 51. Kf4 Qd4+ 52. Kf3 Qd3+ 53. Kf2
Qd2+ 54. Kg1 Qe1+ 55. Kg2 Qe2+ 56. Kh3 Qf1+ $10) 46... Kg8 (46... Kf7 47. Qf4)
47. Qc4+ $1 Kg7 48. c8=Q Qf2+ 49. Kh3 $18) 1-0

[Event "Dov Porath Memorial"]
[Site "Givataim"]
[Date "1998.06.08"]
[Round "6"]
[White "Botvinnik, Ilia"]
[Black "Gruenfeld, Yehuda"]
[Result "0-1"]
[WhiteElo "2370"]
[BlackElo "2465"]
[Annotator "Tsesarsky,I"]
[PlyCount "50"]
[EventDate "1998.05.10"]
[EventType "swiss"]
[EventRounds "7"]
[EventCountry "ISR"]
[SourceTitle "CBM 065"]
[Source "ChessBase"]
[SourceDate "1998.08.06"]
[SourceVersion "1"]
[SourceVersionDate "1998.08.06"]
[SourceQuality "1"]

1. d4 Nf6 2. c4 d6 3. Nc3 Nbd7 4. e4 c6 5. Bd3 e5 6. d5 Be7 (6... cxd5 7. cxd5
Nc5 8. Bc2 Bd7 9. b4 Na6 10. Rb1 Be7 11. Nge2 O-O 12. O-O Ne8 13. Ng3 Rc8 14.
Qd3 Bg5 $11 {0-1 Schroter,T-Belikov,V/Gyor-J 1991 (40)}) (6... a6 7. dxc6 bxc6
8. Nge2 a5 9. O-O Nc5 10. Bc2 Be7 11. b3 O-O $11 {0-1 Yumshav,T-Chekhova
Kostina,T/Moscow op Russian Winter 1991 (28)}) 7. Nf3 (7. Nge2 O-O (7... cxd5
8. cxd5 a6 9. O-O O-O 10. Kh1 b5 11. f4 exf4 12. Bxf4 Ne5 13. h3 Nfd7 $132 {
0-1 Knol,W-Schmidt,W/WchS Wildbad 1993 (34)}) 8. O-O Nh5 9. Ng3 Nf4 10. Bc2 g6
11. Nce2 cxd5 12. cxd5 Bg5 13. Be3 h5 $132 {Smederevac,P-Udovcic,M/Ljubljana
YUG ch 1960/1/2-1/2 (50)}) 7... O-O 8. O-O cxd5 9. cxd5 Nc5 10. Bc2 Bg4 $6 (
10... Bd7 11. b4 Na6 12. a3 Rc8 13. Bb2 $14) 11. h3 Bh5 12. Be3 Rc8 (12... Qb6
13. Rb1 $14) 13. Rb1 a6 14. Qe2 b5 15. a3 Qe8 $6 (15... Bg6 16. Nd2 Ne8 17.
Rbc1 Bg5 $11) 16. Rfc1 $14 Rc7 (16... Bd8 $5 $14) 17. b4 Ncd7 18. Bd3 Qb8 19.
a4 $16 Re8 20. Bd2 (20. axb5 axb5 21. Ra1 $16) 20... Nb6 (20... bxa4 21. Nxa4
Rxc1+ 22. Rxc1 Bxf3 23. Qxf3 Qb7 24. Rc6 $16) 21. axb5 axb5 22. Nxb5 (22. Bxb5
$18) 22... Rxc1+ {[#]} 23. Bxc1 $2 $14 (23. Rxc1 Rc8 (23... Nbxd5 24. exd5 e4
25. Bxe4 Nxe4 26. Qxe4 Bxf3 (26... Qxb5 27. Nd4 $18) 27. Qxf3 Qxb5 28. Rc7 Qb8
29. Qc3 $18) 24. Rxc8+ Nxc8 25. Na3 $18) 23... Nbxd5 $1 24. g4 $2 $15 (24. exd5
e4 25. Nbd4 exf3 26. Nxf3 Bf8 (26... Nxd5 27. Bxh7+ Kxh7 28. Ng5+ Kg6 (28...
Bxg5 29. Qxh5+ $16) 29. g4 $16) 27. Be3 Nxd5 28. Bxh7+ Kh8 29. Bc2 Qb7 $14) (
24. Bg5 Nb6 25. Nc3 Rc8 26. Bd2 $14) 24... Bg6 25. g5 $4 $19 (25. Nxe5 $1 dxe5
26. exd5 e4 27. Bc2 (27. Bc4 e3 28. Rb3 exf2+ 29. Qxf2 Nxd5 30. Bd2 $15) 27...
Nxd5 $15) (25. exd5 $2 e4 $17) 25... Nxe4 0-1

[Event "HUN-ch"]
[Site "Lillafured"]
[Date "1999.02.05"]
[Round "5"]
[White "Almasi, Zoltan"]
[Black "Varga, Zoltan"]
[Result "1-0"]
[WhiteElo "2665"]
[BlackElo "2518"]
[Annotator "Tsesarsky,I"]
[PlyCount "81"]
[EventDate "1999.02.01"]
[EventType "tourn"]
[EventRounds "9"]
[EventCountry "HUN"]
[EventCategory "13"]
[SourceTitle "CBM 070"]
[Source "ChessBase"]
[SourceDate "1999.06.08"]
[SourceVersion "1"]
[SourceVersionDate "1999.06.08"]
[SourceQuality "1"]

{[%mdl 48]} 1. e4 d6 2. d4 Nf6 3. Bd3 e5 4. d5 c6 5. c4 Nbd7 6. Nc3 Nc5 (6...
Be7 7. Nf3 (7. Nge2 O-O (7... cxd5 8. cxd5 a6 9. O-O O-O 10. b4 $14 (10. Kh1 b5
11. f4 $6 $11 {0-1 Knol,W-Schmidt,W/WchS Wildbad 1993 (34)})) 8. O-O Nh5 9. Ng3
(9. Be3 Bg5 $11) 9... Nf4 10. Bc2 g6 11. Nce2 (11. Be3 $14) 11... cxd5 12. cxd5
Bg5 13. Be3 h5 {Smederevac,P-Udovcic,M/Ljubljana YUG ch 1960/1/2-1/2 (50)} 14.
Re1 $14) (7. h3 cxd5 8. cxd5 Nc5 9. Bc2 a5 10. Nf3 O-O 11. O-O b5 12. a3 $14 (
12. Re1 Bd7 13. Be3 Qb6 (13... b4 14. Bxc5 dxc5 15. Na4 Bd6 16. Nd2 Bb5 $11)
14. Nd2 Rfc8 $132 {0-1 Sofrevski,J-Puc,S/YUG 1957 (47)})) 7... O-O 8. O-O cxd5
9. cxd5 Nc5 10. Bc2 Bg4 $6 (10... Bd7 11. b4 Na6 12. a3 Rc8 13. Bb2 $14) 11. h3
Bh5 12. Be3 $14 {0-1 Botvinnik,I-Gruenfeld,Y/Givatayim 1998/CBM 65/[Tsesarsky]
(25)}) (6... cxd5 7. cxd5 Nc5 8. Bc2 Bd7 9. b4 Na6 10. Rb1 Be7 11. Nge2 O-O 12.
O-O Ne8 $11 {[%cal Ge7g5] 0-1 Schroter,T-Belikov,V/Gyor-J 1991 (40)}) (6... a6
7. Nge2 (7. dxc6 bxc6 8. Nge2 a5 9. O-O Nc5 10. Bc2 Be7 11. b3 O-O $11 {
0-1 Yumshav,T-Chekhova Kostina,T/Moscow op Russian Winter 1991 (28)}) 7... g6
8. O-O Bg7 9. h3 O-O 10. Ng3 cxd5 11. cxd5 Nc5 12. Bc2 Re8 13. b4 Ncd7 14. Be3
$14 {1-0 Gheorghiu-Calvo/The Hague WchJ 1961 (45)}) 7. Bc2 (7. Nge2 cxd5 8.
cxd5 Bd7 (8... Nxd3+ 9. Qxd3 Be7 $11) 9. Bc2 $14 (9. O-O Be7 10. f3 O-O 11. Be3
Nh5 12. Rc1 Bg5 13. Qd2 Bxe3+ 14. Qxe3 $11 {0-1 Lacognata,T-Bond,J/Saguenay
1990 (23)})) 7... a5 8. Nge2 Be7 9. O-O cxd5 10. cxd5 O-O 11. Ng3 $14 (11. f3
Ne8 (11... b5 12. a3 (12. Nxb5 Qb6 $17) 12... Bd7 13. Be3 b4 14. Na4 $14) 12.
Be3 Bg5 13. Qd2 Bxe3+ 14. Qxe3 f5 15. f4 exf4 16. Nxf4 fxe4 17. Nxe4 Nxe4 18.
Bxe4 Nf6 19. Bf3 Re8 20. Ne6 Qe7 21. Rae1 $14) 11... g6 12. Bh6 Re8 13. h3 (13.
Rc1 Ng4 14. Bd2 Bg5 15. h3 Bxd2 16. Qxd2 Nf6 17. f4 $14) 13... b5 14. a3 (14.
Nxb5 Ba6 15. a4 Rb8 16. Qe2 Qd7 17. Be3 Bxb5 18. axb5 Qxb5 19. Qxb5 Rxb5 20.
Ra2 Rc8 $11) 14... Bd7 15. b4 axb4 (15... Na6 16. Na2 axb4 17. axb4 Qb8 $14)
16. axb4 Na6 17. Na2 Bf8 $2 $16 (17... Qb8 18. Bd3 Rc8 19. Be3 Bd8 20. Qf3 Ne8
21. Rfc1 Rxc1+ 22. Rxc1 Bb6 23. Bg5 $14) 18. Bd2 h5 19. Nc1 h4 20. Nge2 Nh5 21.
Nb3 {[%cal Gb3a5]} (21. Nd3 $6 $14) 21... Qf6 (21... Be7 22. Ra2 Bg5 23. Qc1
Bxd2 24. Qxd2 Nc7 25. Rfa1 $16) 22. Bd3 Reb8 $2 $18 (22... Rec8 23. Ra5 Nc7 24.
Be3 (24. Qa1 $5 $16) 24... Nf4 25. Nxf4 exf4 26. Bd4 Qg5 27. Qf3 $16) (22...
Kh7 23. Ra5 Nc7 24. Qc1 Rec8 25. Bg5 $18) 23. Ra5 Nf4 (23... Be7 24. Qa1 Nc7
25. Rc1 $18) (23... Nc7 24. Qc1 Rc8 25. Bg5 Qh8 26. Rxa8 Nxa8 27. Qe3 Ng7 28.
f4 $18 {[%csl Ra8,Rg7,Rh8]}) 24. Nxf4 exf4 25. Qf3 g5 (25... Bh6 26. Rfa1 Nc7
27. Ra7 $18 (27. Rc1 $18)) 26. Rfa1 Nc7 27. Rc1 (27. Ra7 $18) 27... Ne8 28. Bc3
Qh6 (28... Qg6 29. Rca1 Nc7 30. Ra7 $18) 29. Nd4 (29. Rxa8 Rxa8 30. Nd4 Nc7 31.
Be1 Ra7 32. Nc6 Bxc6 33. Rxc6 Ra1 34. Qe2 $18) 29... Rxa5 30. bxa5 b4 31. Bb2
Bg7 32. a6 Ra8 33. Be2 Be5 (33... Qh8 34. Qd3 Rxa6 35. Qxa6 Bxd4 36. Bxd4 Qxd4
37. Qc4 $18) 34. Qb3 Qf6 35. Qxb4 f3 36. Bxf3 Rxa6 37. Qb7 Ra2 (37... Bxd4 38.
Bxd4 Qxd4 39. Qxa6 $18) 38. Qxd7 Qf4 39. Qxe8+ Kh7 40. Ne2 Qh2+ 41. Kf1 1-0

[Event "Cappelle"]
[Site "Cappelle la Grande"]
[Date "1994.??.??"]
[Round "2"]
[White "Vaisser, Anatoli"]
[Black "Dunnington, Angus J"]
[Result "1-0"]
[WhiteElo "2575"]
[BlackElo "2435"]
[Annotator "Vaisser,A"]
[PlyCount "41"]
[EventDate "1994.07.??"]
[EventType "tourn"]
[EventRounds "9"]
[EventCountry "FRA"]
[EventCategory "10"]
[SourceTitle "CBM 044"]
[Source "ChessBase"]
[SourceDate "1995.02.01"]
[SourceVersion "1"]
[SourceVersionDate "1995.02.01"]
[SourceQuality "1"]

1. d4 Nf6 2. c4 d6 3. Nc3 Nbd7 4. g3 e5 5. Bg2 Be7 6. e3 O-O 7. Nge2 c6 8. h3
Re8 9. g4 $5 h6 10. O-O $1 Nf8 11. f4 exd4 (11... Ng6 $5) 12. exd4 h5 $6 13. g5
N6h7 14. Qd3 $1 g6 15. Be4 $1 f5 $6 (15... d5 $5) 16. Bf3 Bd7 $2 (16... Nd7 $5
{/\ Bf8-g7, Nhf8}) 17. d5 c5 18. h4 a6 19. a4 Qc7 20. b3 Reb8 21. Bb2 1-0

[Event "Bonn GSK"]
[Site "Bonn"]
[Date "1994.??.??"]
[Round "6"]
[White "Wojtkiewicz, Aleksander"]
[Black "Shabalov, Alexander"]
[Result "1/2-1/2"]
[WhiteElo "2560"]
[BlackElo "2590"]
[Annotator "Von Gleich,A"]
[PlyCount "26"]
[EventDate "1994.??.??"]
[EventType "tourn"]
[EventRounds "9"]
[EventCountry "GER"]
[EventCategory "12"]
[SourceTitle "CBM 040"]
[Source "ChessBase"]
[SourceDate "1994.06.01"]
[SourceVersion "1"]
[SourceVersionDate "1994.06.01"]
[SourceQuality "1"]

1. d4 Nf6 2. c4 d6 3. Nc3 Bf5 4. f3 e5 5. d5 e4 6. g4 Nxg4 7. fxg4 Qh4+ 8. Kd2
e3+ 9. Kxe3 Qg5+ (9... Be7 10. gxf5 Bg5+ 11. Kd3) 10. Kf2 (10. Kd4 $2 c5+ 11.
dxc6 Nxc6+ 12. Kd5 Qe7 13. gxf5 Qe5#) 10... Qh4+ 11. Kg2 Qxg4+ 12. Kf2 Qh4+ 13.
Kf3 Qg4+ 1/2-1/2

[Event "Buenos Aires Najdorf"]
[Site "Buenos Aires"]
[Date "1993.??.??"]
[Round "4"]
[White "Illescas Cordoba, Miguel"]
[Black "Spangenberg, Hugo"]
[Result "1-0"]
[WhiteElo "2615"]
[BlackElo "2505"]
[Annotator "Wells,P"]
[PlyCount "70"]
[EventDate "1993.04.??"]
[EventType "tourn"]
[EventRounds "11"]
[EventCountry "ARG"]
[EventCategory "13"]
[SourceTitle "EXT 2002"]
[Source "ChessBase"]
[SourceDate "2001.11.25"]
[SourceVersion "1"]
[SourceVersionDate "2001.11.25"]
[SourceQuality "1"]

1. Nf3 d6 2. d4 Bg4 3. c4 Bxf3 4. exf3 c6 5. Nc3 Nf6 6. d5 g6 7. Bd3 Bg7 8. O-O
O-O 9. Re1 a6 10. f4 b5 11. Qf3 b4 12. Ne4 cxd5 13. Nxf6+ Bxf6 14. Qxd5 Nd7 15.
f5 Ne5 16. fxg6 hxg6 17. Bf1 Rc8 18. Bd2 a5 19. Qe4 $6 Nd7 20. Rab1 Nc5 21. Qf3
Na4 22. a3 Rb8 23. axb4 axb4 24. g3 Qa5 $2 25. Ra1 $1 {[%csl Ra4,Ra5] It is
easy to see in principle that the queen and knight lined up on the a-file can
spell trouble for black. However, it also appears that black can run white out
of squares on the a-file.} Qa8 26. Qg4 $1 Bxb2 27. Bg2 Qa7 (27... Qa6 28. Bd5
Kg7 29. Qh4 $1 Rh8 30. Qxe7 Rbf8 31. Bxb4 $1 Bf6 (31... Bxa1 32. Rxa1 $18) 32.
Qd7 Bxa1 33. Rxa1 Nb6 34. Bc3+ Kg8 35. Bxf7+ Rxf7 36. Qe8+ Rf8 37. Qxg6# {
- Ribli.}) 28. Ra2 (28. Bc6 Bxa1 29. Rxa1 b3 30. Rxa4 b2 31. Rxa7 b1=Q+ 32. Kg2
Qb6 33. Bd5) 28... b3 {An apparent solution of black's problems?} (28... Bg7
29. Bc6 $18) 29. Rxb2 $1 {[%mdl 640] Suddenly it becomes clear. White's play
has really been about FORCING his opponent to win the exchange, and sly moves
such as 27 Bg2! were all about black's weakened king's position.} Nxb2 30. Bd5
e6 (30... Kh7 31. Qh4+ $18) 31. Rxe6 $1 fxe6 32. Qxe6+ Kh7 33. Qh3+ Kg7 34.
Bh6+ Kh8 35. Be3+ Kg7 (35... Qh7 36. Bd4+) 1-0